| 000 | 01106cam a22002771i 4500 | ||
|---|---|---|---|
| 003 | SA-RiAUC | ||
| 005 | 20250729072124.0 | ||
| 008 | 250725s2008 su g 00010 ara c | ||
| 020 | _z996095367 | ||
| 040 |
_aSA-MdTU _bara _cSA-RiAUC _erda |
||
| 043 | _aa-su--- | ||
| 082 | 0 | 4 |
_a305.4209531 _qSA-RiAUC |
| 090 |
_a305.4209531 _bم ر ا |
||
| 245 | 0 | 2 |
_aالمرأة في السعودية : _bرؤى عالمية / _cمجموعة من المؤلفين. |
| 250 | _aالطبعة الأولى. | ||
| 264 | 1 |
_aالرياض : _bدار غيداء للنشر، _c2008 |
|
| 300 |
_a255 صفحة ؛ _c20 سم. |
||
| 336 |
_aنص _btxt _2rdacontent _3كتاب |
||
| 337 |
_aبدون وسيط _bn _2rdamedia |
||
| 338 |
_aمجلد _bnc _2rdacarrier |
||
| 490 | 0 | _aمشروع الكتب العالمية عن الإسلام والمملكة العربية السعودية | |
| 650 | 7 |
_aالنساء _zالسعودية _xأحوال اجتماعية _2aucsh |
|
| 650 | 7 |
_aالمرأة في الحياة العامة _zالسعودية _2aucsh |
|
| 942 |
_2ddc _cBOOK _n0 |
||
| 949 |
_aSA-JeALM _d250725 _umohamedma123 _n1 |
||
| 999 |
_c10384 _d10384 |
||